| 000 -LEADER |
| fixed length control field |
00637cem a2200181 i 4500 |
| 040 ## - CATALOGING SOURCE |
| Transcribing agency |
DLC |
| 082 ## - DEWEY DECIMAL CLASSIFICATION NUMBER |
| Classification number |
FAO TEC 2019 C131 Or. |
| 110 1# - MAIN ENTRY--CORPORATE NAME |
| Corporate name or jurisdiction name as entry element |
Great Britain. |
| 245 10 - TITLE STATEMENT |
| Title |
Technical Cooperation Programme 2019 Report |
| Remainder of title |
Catalysing results towards the sustainble Develipment Goals |
| 246 30 - VARYING FORM OF TITLE |
| Title proper/short title |
Maletsunyane Falls tourist map |
| 246 1# - VARYING FORM OF TITLE |
| Title proper/short title |
OSD 2947 |
| 250 ## - EDITION STATEMENT |
| Edition statement |
Edition 1-OSD 2019. |
| 300 ## - PHYSICAL DESCRIPTION |
| Number of Pages |
1 map : |
| Other physical details |
color ; |
| Dimensions |
73 x 46 cm, on sheet 82 x 67 cm |
| 500 ## - GENERAL NOTE |
| General note |
Relief shown by shading and spot heights. |
| 500 ## - GENERAL NOTE |
| General note |
"© Lesotho Government 2019." |
| 500 ## - GENERAL NOTE |
| General note |
Includes text, 2 ancillary maps, and color illustration |
| 942 ## - ADDED ENTRY ELEMENTS (KOHA) |
| Koha item type |
ADB |
| 952 ## - LOCATION AND ITEM INFORMATION (KOHA) |
| Withdrawn status [LOCAL, KOHA] |
0 |